Edible Items - Sudden Death - Statistics

General Stats
  • This quiz has been taken 62 times
  • The average score is 8 of 20
Answers on the Grid
Answers color-coded by a green-red scale on the quiz's grid according to % correct below.
Squash
Morello
Quinoa
Sprocket
Kale
Honshu
Jing Leed
Old Steine
Savoy
Charlotte
Plantain
Winkle
Anchovy
Burgundy Cravat
Mooli
Sauerkraut
Venison
British Bulldog
Shiokara
Flin Flon
Durian
Punkey Doodles
Escamol
Fried Alaska
Khash
Steeleye Span
Klacktoveesedstein
Hakarl
Surstromming
Tripe
 
Answer Stats
Answer % Correct
Squash
89%
Quinoa
85%
Anchovy
81%
Kale
78%
Sauerkraut
78%
Durian
67%
Plantain
63%
Venison
63%
Morello
41%
Tripe
41%
Savoy
33%
Surstromming
30%
Charlotte
22%
Escamol
19%
Winkle
19%
Hakarl
15%
Mooli
11%
Jing Leed
4%
Khash
4%
Shiokara
0%
No matching quizzes found
Score Distribution
Percent of People with Each Score
Percentile by Number Answered
Your Score History
You have not taken this quiz